000 00834nam a2200217Ia 4500
001 4678
005 20260320103022.0
008 260306t2017||||xx |||||||||||||| ||spa||
041 _aESP
082 _a330
_bM22P 2017
100 _aMankiw, N. Gregory
_eAUT
245 0 _aPrincipios de economía
260 _c2017
300 _axxxii, 847 páginas :
_c27 cm.
650 _aGEN
654 _aCAN
856 _uhttps://itmsp.museknowledge.com/UCSP?url=https://www.ebooks7-24.com:443/?il=10764&pg=1
_zVersión digital (2020)
856 _uhttps://0u213tbbd-y-https-ebooks7--24-com.itmsp.museknowledge.com/biblioteca.aspx
_zVéase además: Base de datos Ebook7-24
856 _uhttps://0u20ftbbl-y-https-research-ebsco-com.itmsp.museknowledge.com/c/qxo6us/search
_zVéase además: Base de datos EBSCOhost
942 _cLIB
_dJUS
_fJUS
_2ddc
999 _c4678
_d4678